[Event "Napoli Trofeo Caissa 2nd"]
[Site "Napoli"]
[Date "2016.11.24"]
[Round "4"]
[White "Pellegrino, Carlo"]
[Black "Mauro, Lucio"]
[Result "1/2-1/2"]
[WhiteElo "1521"]
[BlackElo "1650"]
[PlyCount "52"]
[EventDate "2016.11.03"]
[EventType "swiss"]
[EventRounds "7"]
[EventCountry "ITA"]
[SourceTitle "EXT 2018"]
[Source "ChessBase"]
[SourceDate "2017.10.13"]
[SourceVersion "1"]
[SourceVersionDate "2017.10.13"]
[SourceQuality "1"]

1. d4 Nf6 2. Nf3 e6 3. e3 Be7 4. Bd3 0-0 5. Nbd2 d5 6. b3 Nbd7 7. 0-0 c5 8. Bb2 cxd4 9. exd4 a5 10. Ne5 h6 11. f4 Nxe5 12. fxe5 Nh7 13. Qh5 Bd7 14. Rf3 f5 15. exf6 Bxf6 16. Rg3 Bg5 17. Qe2 Qe8 18. Nf3 Bf4 19. Rg6 Rf6 20. Nh4 Rxg6 21. Nxg6 Bd6 22. Rf1 Nf8 23. Ne5 Bxe5 24. dxe5 b5 25. Qg4 Qe7 26. Bc1 Kh8 1/2-1/2

[Event "Napoli Autunno Vomero op-A"]
[Site "Napoli"]
[Date "2016.09.15"]
[Round "2"]
[White "Cosenza, Gianni"]
[Black "Pellegrino, Carlo"]
[Result "1-0"]
[WhiteElo "1908"]
[BlackElo "1522"]
[PlyCount "57"]
[EventDate "2016.09.08"]
[EventType "swiss"]
[EventRounds "7"]
[EventCountry "ITA"]
[SourceTitle "EXT 2018"]
[Source "ChessBase"]
[SourceDate "2017.10.13"]
[SourceVersion "1"]
[SourceVersionDate "2017.10.13"]
[SourceQuality "1"]

1. e4 d6 2. d4 Nf6 3. Nc3 c6 4. f3 Nbd7 5. Be3 e5 6. Nge2 Qb6 7. Qc1 Be7 8. dxe5 Qa5 9. exf6 Bxf6 10. Qd2 b5 11. Nd4 Qc7 12. Nf5 0-0 13. Qxd6 Qa5 14. Bd2 b4 15. Nd1 Nc5 16. Ne7+ Bxe7 17. Qxe7 Be6 18. a3 Rab8 19. Rb1 Rfd8 20. axb4 Rxb4 21. Bd3 Qb6 22. Nf2 Rbd4 23. 0-0 f6 24. b4 Nxd3 25. Qxe6+ Kh8 26. Be3 Nxf2 27. Bxf2 Rxb4 28. Bxb6 Rxb1 29. Bxd8 1-0

[Event "Napoli Giglio Memorial"]
[Site "Napoli"]
[Date "2015.09.10"]
[Round "1"]
[White "Pellegrino, Carlo"]
[Black "Baltzopoulos, Giorgos"]
[Result "0-1"]
[WhiteElo "1521"]
[BlackElo "2029"]
[PlyCount "52"]
[EventDate "2015.09.10"]
[EventType "swiss"]
[EventRounds "4"]
[EventCountry "ITA"]
[SourceTitle "EXT 2024"]
[Source "ChessBase"]
[SourceDate "2023.10.10"]
[SourceVersion "1"]
[SourceVersionDate "2023.10.10"]
[SourceQuality "1"]

1. d4 d5 2. Nf3 Nf6 3. Nc3 Bf5 4. Bf4 c6 5. e3 e6 6. Be2 Bd6 7. Ne5 0-0 8. g4 Bg6 9. h4 h6 10. g5 hxg5 11. hxg5 Bxe5 12. dxe5 Nh7 13. Bd3 Na6 14. Qg4 Nc5 15. Ke2 Nxd3 16. cxd3 Qb6 17. b3 Qb4 18. Rac1 c5 19. Rh4 c4 20. Kd2 cxd3 21. Qh3 Rfc8 22. Rxh7 Bxh7 23. e4 dxe4 24. Rh1 Qxc3+ 25. Ke3 Qc5+ 26. Kd2 Qxf2+ 0-1

[Event "Napoli Greco Memorial"]
[Site "Napoli"]
[Date "2015.04.16"]
[Round "2"]
[White "Ficco, Corrado"]
[Black "Pellegrino, Carlo"]
[Result "1-0"]
[WhiteElo "2045"]
[BlackElo "1599"]
[PlyCount "83"]
[EventDate "2015.04.09"]
[EventType "swiss"]
[EventRounds "6"]
[EventCountry "ITA"]
[SourceTitle "EXT 2017"]
[Source "ChessBase"]
[SourceDate "2016.10.25"]
[SourceVersion "1"]
[SourceVersionDate "2016.10.25"]
[SourceQuality "1"]

1. Nf3 c5 2. e4 e6 3. d4 cxd4 4. Nxd4 a6 5. Bd3 b6 6. 0-0 Nf6 7. c4 Bb7 8. Qe2 d6 9. Nc3 Be7 10. Be3 0-0 11. Rad1 Qc7 12. f3 Nbd7 13. Rc1 Rac8 14. b3 Qb8 15. Qf2 Bd8 16. Bb1 Bc7 17. g3 Ba8 18. g4 Ne5 19. g5 Nfd7 20. Qh4 Ng6 21. Qh3 Rce8 22. Rce1 d5 23. exd5 Bf4 24. dxe6 fxe6 25. Nxe6 Bxe3+ 26. Rxe3 Nc5 27. Nd5 Nxe6 28. Rxe6 Bxd5 29. cxd5 Qd8 30. Bxg6 hxg6 31. Rfe1 Qxg5+ 32. Qg2 Qxg2+ 33. Kxg2 Kf7 34. Rxe8 Rxe8 35. Rxe8 Kxe8 36. Kf2 Kd7 37. Ke3 g5 38. Ke4 Kd6 39. Kd4 g6 40. h3 a5 41. a4 Ke7 42. Ke5 1-0

[Event "Napoli Porreca Memorial 3rd"]
[Site "Napoli"]
[Date "2013.10.17"]
[Round "4"]
[White "Buonanno, Raffaele"]
[Black "Pellegrino, Carlo"]
[Result "0-1"]
[WhiteElo "1455"]
[BlackElo "1446"]
[PlyCount "82"]
[EventDate "2013.09.26"]
[EventType "swiss"]
[EventRounds "7"]
[EventCountry "ITA"]
[SourceTitle "EXT 2015"]
[Source "ChessBase"]
[SourceDate "2014.11.20"]
[SourceVersion "1"]
[SourceVersionDate "2014.11.20"]
[SourceQuality "1"]

1. d4 d6 2. c4 Nf6 3. Nc3 c6 4. e4 Bg4 5. f3 Bh5 6. Bd3 e5 7. d5 a6 8. a4 Nbd7 9. Be3 Nc5 10. Bxc5 dxc5 11. Qb3 Rb8 12. Nge2 Bd6 13. 0-0 0-0 14. Rfd1 Qd7 15. a5 Kh8 16. Na4 Qe7 17. Nc1 Rg8 18. Qb6 Nd7 19. Qb3 g5 20. Be2 g4 21. Qe3 gxf3 22. Bxf3 Bxf3 23. Qxf3 Qg5 24. g3 f6 25. Ra3 Rbf8 26. Re3 f5 27. exf5 Rxf5 28. Qe4 Rf4 29. Qd3 Nf6 30. Ne2 e4 31. Qd2 Rh4 32. dxc6 bxc6 33. Qc3 Be5 34. Qb3 Qg4 35. Kf1 Qh3+ 36. Ke1 Rhg4 37. Nxc5 Qxh2 38. Nxa6 Bxg3+ 39. Nxg3 Rxg3 40. Rxg3 Rxg3 41. Nc5 Rg1# 0-1